|
|
|
|
| LEADER |
01006nam a2200265 a 4500 |
| 001 |
3604866 |
| 008 |
090827s1973 nju 001 0 eng d |
| 010 |
|
|
|a \\\72004450
|
| 020 |
|
|
|a 0132019884
|
| 020 |
|
|
|a 0132019701 (pbk)
|
| 040 |
|
|
|a DLC
|c DLC
|d DLC
|
| 082 |
0 |
0 |
|a 372.1/3
|2 18
|
| 100 |
1 |
|
|a Nutting, William C.,
|d 1918-
|
| 245 |
1 |
0 |
|a Designing classroom spontaneity /
|b case action learning.
|
| 260 |
|
|
|a Englewood Cliffs, N.J. :
|b Prentice-Hall
|c 1973
|
| 300 |
|
|
|a xiii, 229 p. ;
|c 23 cm.
|
| 490 |
0 |
|
|a Prentice-Hall series in curriculum and teaching
|
| 504 |
|
|
|a Includes index.
|
| 541 |
1 |
|
|e 00005122
|
| 650 |
|
0 |
|a Education, Elementary.
|
| 650 |
|
0 |
|a Activity programs in education.
|
| 650 |
|
0 |
|a Spontaneity (Personality trait)
|
| 852 |
4 |
|
|a Ayesha Abed Library
|j General shelf
|
| 999 |
|
|
|c 3524
|d 3524
|
| 952 |
|
|
|0 0
|1 0
|2 ddc
|4 0
|6 372_130000000000000_NUT_1973
|7 0
|9 3198
|a BRACUL
|b BRACUL
|c GEN
|d 2009-09-02
|g 0.00
|l 0
|o 372.13 NUT
|p 3010005122
|r 2009-09-02
|t 1
|w 2009-09-02
|y BK
|x No price found in the accession register.
|